Southville International School and Colleges
Your cart is empty.
  • Cart
  • Lists
    Public lists Eva Luna New books Lux_list list_1
    Your lists Log in to create your own lists
  • Log in to your account
  • Your cookies
  • Search history
Southville International School and Colleges
  • Advanced search
  • Recent comments
  • Most popular
  • Libraries

Log in to your account

Log in with GOOGLE


If you do not have an external account, but do have a local account, you can still log in:

  1. Home
  2. MARC view: Bulaklak sa tubig :
Normal view MARC view ISBD view

Bulaklak sa tubig : (Record no. 17315)

[ view plain ]
MARC details
000 -LEADER
fixed length control field 00959nam a22003017a 4500
001 - CONTROL NUMBER
control field 16551826
003 - CONTROL NUMBER IDENTIFIER
control field OSt
005 - DATE AND TIME OF LATEST TRANSACTION
control field 20140310182918.0
008 - FIXED-LENGTH DATA ELEMENTS--GENERAL INFORMATION
fixed length control field 101124s2010 ph 000 0 tgl
010 ## - LIBRARY OF CONGRESS CONTROL NUMBER
LC control number 2010338975
020 ## - INTERNATIONAL STANDARD BOOK NUMBER
International Standard Book Number 9789712724589
040 ## - CATALOGING SOURCE
Original cataloging agency DLC
Transcribing agency DLC
042 ## - AUTHENTICATION CODE
Authentication code lcode
050 00 - LIBRARY OF CONGRESS CALL NUMBER
Classification number PL 5533
Item number .B276 2010
100 1# - MAIN ENTRY--PERSONAL NAME
Personal name Barrios, Joi.
245 10 - TITLE STATEMENT
Title Bulaklak sa tubig :
Remainder of title mga tula ng pag-ibig at himagsik = Flowers in water : poems on love and revolt /
Statement of responsibility, etc Barrios, Joi
246 31 - VARYING FORM OF TITLE
Title proper/short title Flowers in water
260 ## - PUBLICATION, DISTRIBUTION, ETC. (IMPRINT)
Place of publication, distribution, etc Pasig City, Philippines :
Name of publisher, distributor, etc Published and excluively distributed by Anvil Pub.,
Date of publication, distribution, etc c2010.
300 ## - PHYSICAL DESCRIPTION
Extent 229 p. ;
Dimensions 19 cm.
521 ## - TARGET AUDIENCE NOTE
Target audience note
526 ## - STUDY PROGRAM INFORMATION NOTE
Reading level 0L to 17000L
541 ## - IMMEDIATE SOURCE OF ACQUISITION NOTE
-- 1
546 ## - LANGUAGE NOTE
Language note In Tagalog.
562 ## - COPY AND VERSION IDENTIFICATION NOTE
Number of copies for circulation : 1 copy in the collection
906 ## - LOCAL DATA ELEMENT F, LDF (RLIN)
a 7
b cbc
c origode
d 4
e ncip
f 20
g y-gencatlg
942 ## - ADDED ENTRY ELEMENTS (KOHA)
Source of classification or shelving scheme Library of Congress Classification
Koha item type Books
Call number prefix
Holdings
Withdrawn status Lost status Source of classification or shelving scheme Damaged status Home library Current library Shelving location Date acquired Total Checkouts Full call number Barcode Date last seen Price effective from Koha item type
    Library of Congress Classification   College Library College Library Filipiniana Section 01/29/2013   PL 5533 .B276 2010 c13049 05/08/2018 01/29/2013 Books

Bulaklak sa tubig :

APA

Barrios J., . (2010). Bulaklak sa tubig. Pasig City, Philippines: Published and excluively distributed by Anvil Pub.

Chicago

Barrios Joi, . 2010. Bulaklak sa tubig. Pasig City, Philippines: Published and excluively distributed by Anvil Pub.

Harvard

Barrios J., . (2010). Bulaklak sa tubig. Pasig City, Philippines: Published and excluively distributed by Anvil Pub.

MLA

Barrios Joi, . Bulaklak sa tubig. Pasig City, Philippines: Published and excluively distributed by Anvil Pub. 2010.

  • Place hold
  • Print
  • Cite
  • Add to your cart (remove)
  • Save record
    BIBTEX Dublin Core MARCXML MARC (non-Unicode/MARC-8) MARC (Unicode/UTF-8) MARC (Unicode/UTF-8, Standard) MODS (XML) RIS
  • More searches
    Search for this title in:
    Other Libraries (WorldCat) Other Databases (Google Scholar) Online Stores (Bookfinder.com) Open Library (openlibrary.org)

Exporting to Dublin Core...

SOUTHVILLE LIBRARY

Southville International School and Colleges Library

1281 Tropical Ave. Cor. Luxembourg St., BF Homes International, Las Pinas City

Tel. No. 8256374 / 252358 Loc. 117/146

Powered by Koha